Govt. of
Madhya Pradesh

Managing Without MBA (Record no. 42652)

MARC details
000 -LEADER
fixed length control field 004450000a22001810004500
003 - CONTROL NUMBER IDENTIFIER
control field MACL
005 - DATE AND TIME OF LATEST TRANSACTION
control field 20150823160935.0
008 - FIXED-LENGTH DATA ELEMENTS--GENERAL INFORMATION
fixed length control field 150823b xxu||||| |||| 00| 0 eng d
040 ## - CATALOGING SOURCE
Original cataloging agency MACL
Transcribing agency MACL
041 ## - LANGUAGE CODE
Language code of text/sound track or separate title English
082 ## - DEWEY DECIMAL CLASSIFICATION NUMBER
Classification number 658/CHE
100 ## - MAIN ENTRY--PERSONAL NAME
Personal name Cheema, Col D S
9 (RLIN) 7195
245 ## - TITLE STATEMENT
Title Managing Without MBA
260 ## - PUBLICATION, DISTRIBUTION, ETC. (IMPRINT)
Name of publisher, distributor, etc. Abhishek Publications
Date of publication, distribution, etc. 2005
Place of publication, distribution, etc. New Delhi
350 ## - PRICE (NR) (BK AM CF MU VM SE) [OBSOLETE]
Price 395
650 ## - SUBJECT ADDED ENTRY--TOPICAL TERM
Topical term or geographic name as entry element Management
9 (RLIN) 7196
942 ## - ADDED ENTRY ELEMENTS (KOHA)
Koha item type Books
Call number prefix 658/CHE
Source of classification or shelving scheme
Holdings
Withdrawn status Lost status Source of classification or shelving scheme Damaged status Not for loan Home library Current library Date acquired Cost, normal purchase price Total Checkouts Full call number Barcode Date last seen Date last checked out Uniform Resource Identifier Price effective from Koha item type
          MACL MACL 15/04/2015 395.00 3 658/CHE CRE023889 02/05/2024 12/08/2021 42930 15/04/2015 Books